Graff 's Textbook Urinalysis and Body Fluids / (Record no. 13542)
[ view plain ]
| 000 -LEADER | |
|---|---|
| fixed length control field | 00587nam a22002057a 4500 |
| 003 - CONTROL NUMBER IDENTIFIER | |
| control field | OSt |
| 005 - DATE AND TIME OF LATEST TRANSACTION | |
| control field | 20140310182442.0 |
| 008 - FIXED-LENGTH DATA ELEMENTS--GENERAL INFORMATION | |
| fixed length control field | 130803t xxu||||| |||| 00| 0 eng d |
| 050 ## - LIBRARY OF CONGRESS CALL NUMBER | |
| Classification number | RB 53 |
| Item number | .G73 2011 |
| 100 ## - MAIN ENTRY--PERSONAL NAME | |
| Personal name | Mundt, Lillian A. |
| 9 (RLIN) | 8082 |
| 245 ## - TITLE STATEMENT | |
| Title | Graff 's Textbook Urinalysis and Body Fluids / |
| Statement of responsibility, etc | Mundt, Lillian A. |
| 250 ## - EDITION STATEMENT | |
| Remainder of edition statement | 2nd ed. |
| 260 ## - PUBLICATION, DISTRIBUTION, ETC. (IMPRINT) | |
| Place of publication, distribution, etc | USA : |
| Name of publisher, distributor, etc | Lippincot Williams & Wilkins |
| Date of publication, distribution, etc | c2010. |
| 300 ## - PHYSICAL DESCRIPTION | |
| Extent | 324 p. : |
| Other physical details | ill. ; |
| Dimensions | 28 cm. |
| 650 ## - SUBJECT ADDED ENTRY--TOPICAL TERM | |
| Topical term or geographic name as entry element | Urine-Anlysis and body fluis |
| 9 (RLIN) | 7417 |
| 942 ## - ADDED ENTRY ELEMENTS (KOHA) | |
| Source of classification or shelving scheme | Library of Congress Classification |
| Koha item type | |
| Withdrawn status | Lost status | Source of classification or shelving scheme | Damaged status | Home library | Current library | Shelving location | Date acquired | Total Checkouts | Total Renewals | Full call number | Barcode | Date last seen | Date checked out | Copy number | Price effective from | Koha item type |
|---|---|---|---|---|---|---|---|---|---|---|---|---|---|---|---|---|
| Library of Congress Classification | South SEED-LPDH College Library | College Library | South SEED-LPDH College Section | 08/03/2013 | 2 | 5 | RB 53 .G73 2011 | SSLC0021 | 05/15/2018 | 10/02/2017 | 1 | 08/03/2013 | Books | |||
| Library of Congress Classification | South SEED-LPDH College Library | South SEED-LPDH College Library | South SEED-LPDH College Section | 08/03/2013 | RB 53 .G73 2011 | SSLC0034 | 05/15/2018 | 2 | 08/03/2013 | Books | ||||||
| Library of Congress Classification | South SEED-LPDH College Library | South SEED-LPDH College Library | South SEED-LPDH College Section | 08/03/2013 | 3 | 4 | RB 53 .G73 2011 | SSLC0039 | 05/15/2018 | 02/01/2017 | 1 | 08/03/2013 | Books |